000 00797nam a22002297a 4500
003 UA-OsUOA
001 110054
007 ta
008 20150217b un ||||| |||| 00| 0 ukr d
100 _aМамонова Г.
700 _aДерев'янко В.
090 _a330(477)
_bМ22
942 _cSA
040 _aUA-OsUOA
_bukr
_cUA-OsUOA
_dUA-OsUOA
245 _aМодель ієрархії складових конкурентоспроможності підприємства з позицій структуризації інтелектуального капіталу
300 _aС.106-115
955 _a0
041 _aukr
080 _a330(477)
773 0 _w110045
_tБанківська справа
_dК.
_d2014
_g10
650 7 _a330 Економіка взагалі
_2UDC
999 _c396002
_d396002